000 00833nam a2200289Ia 4500
003 OSt
005 20221007125013.0
006 a|||||r|||| 00| 0
007 ta
008 221006b |||||||| |||| 00| 0 eng d
020 _a0198556608 (pbk)
024 _a2390
037 _cTextual
040 _aCDL
_cCDL
_beng
041 _2eng
_aeng
082 _aE8-7, N3
100 _aDavies David T
_9721309
245 0 _aAromatic heterocyclic chemistry by David T Davies
260 _aOxford
_bOxford University Press
_c1993
300 _a88p
_ccm.
490 _aOxford chemistry primers; 2
500 _aIndex 87-88p; ; 1994-06-21^bSB^c1996-10-24
650 _a Aromatic heterocyclic compounds
_9721310
650 _aChemistry
942 _hE8-7, N3
_cTEXL
_2CC
999 _c1214500
_d1214500